Statistiques concernant pays avec une croix sur leur drapeau

Cliquez ici pour prendre le quiz!

Statistiques générales

  • Ce quiz a été pris 277 fois
    (251 depuis la dernière actualisation)
  • Le résultat moyen est 10 sur 18

Statistiques - réponses

1reponse% Correct
4suede
92%
5finlande
91%
6norvege
90%
2suisse
84%
3danemark
81%
11islande
81%
8royaume uni
81%
19grece
59%
12australie
56%
13nouvelle zelande
52%
7georgie
50%
10tonga
46%
14fidji
41%
9tuvalu
34%
15jamaique
29%
17republique dominicaine
25%
16dominique
20%
18burundi
17%

Distribution des résultats

Percentile par nombre de réponses

% des personnes avec chaque résultat

Votre développement - résultats

Vous n’avez pas pris ce quiz depuis la dernière actualisation